NBA Scoring Titles - Statistics

General Stats
  • This quiz has been taken 12 times
  • The average score is 68 of 80
Answer Stats
Year PPG Answer % Correct
1999 26.8 Allen Iverson
100%
2001 31.1 Allen Iverson
100%
2002 31.4 Allen Iverson
100%
2005 30.7 Allen Iverson
100%
2018 30.4 James Harden
100%
2019 36.1 James Harden
100%
2020 34.3 James Harden
100%
1970 31.2 Jerry West
100%
2022 30.6 Joel Embiid
100%
2023 33.1 Joel Embiid
100%
1971 31.7 Kareem Abdul-Jabbar
100%
1972 34.8 Kareem Abdul-Jabbar
100%
2010 30.1 Kevin Durant
100%
2011 27.7 Kevin Durant
100%
2012 28.0 Kevin Durant
100%
2014 32.0 Kevin Durant
100%
2006 35.4 Kobe Bryant
100%
2007 31.6 Kobe Bryant
100%
1987 37.1 Michael Jordan
100%
1988 35.0 Michael Jordan
100%
1989 32.5 Michael Jordan
100%
1990 33.6 Michael Jordan
100%
1991 31.5 Michael Jordan
100%
1992 30.1 Michael Jordan
100%
1993 32.6 Michael Jordan
100%
1996 30.4 Michael Jordan
100%
1997 29.6 Michael Jordan
100%
1998 28.7 Michael Jordan
100%
2015 28.1 Russell Westbrook
100%
2017 31.6 Russell Westbrook
100%
1995 29.3 Shaquille O'Neal
100%
2000 29.7 Shaquille O'Neal
100%
2016 30.1 Stephen Curry
100%
2021 32.0 Stephen Curry
100%
1960 37.6 Wilt Chamberlain
100%
1961 38.4 Wilt Chamberlain
100%
1962 50.4 Wilt Chamberlain
100%
1963 44.8 Wilt Chamberlain
100%
1964 36.9 Wilt Chamberlain
100%
1965 34.7 Wilt Chamberlain
100%
1966 33.5 Wilt Chamberlain
100%
1994 29.8 David Robinson
91%
2009 30.2 Dwyane Wade
91%
1969 28.4 Elvin Hayes
91%
1949 28.3 George Mikan
91%
1950 27.4 George Mikan
91%
1951 28.4 George Mikan
91%
2008 30.0 LeBron James
91%
2024 33.9 Luka Doncic
91%
2026 33.5 Luka Doncic
91%
2025 32.7 Shai Gilgeous-Alexander
91%
1985 32.9 Bernard King
82%
1974 30.6 Bob McAdoo
82%
1975 34.5 Bob McAdoo
82%
1976 31.1 Bob McAdoo
82%
1956 25.7 Bob Pettit
82%
1959 29.2 Bob Pettit
82%
1978 27.2 George Gervin
82%
1979 29.6 George Gervin
82%
1980 33.1 George Gervin
82%
1982 32.3 George Gervin
82%
1981 30.7 Adrian Dantley
73%
1984 30.6 Adrian Dantley
73%
2013 28.7 Carmelo Anthony
73%
1977 31.1 Pete Maravich
73%
1983 28.4 Alex English
64%
1986 30.3 Dominique Wilkins
64%
1967 35.6 Rick Barry
64%
2003 32.1 Tracy McGrady
64%
2004 28.0 Tracy McGrady
64%
1968 27.1 Dave Bing
45%
1952 25.4 Paul Arizin
45%
1957 25.6 Paul Arizin
45%
1947 23.2 Joe Fulks
36%
1973 34.0 Nate Archibald
36%
1953 22.3 Neil Johnston
36%
1954 24.5 Neil Johnston
36%
1955 22.7 Neil Johnston
36%
1958 27.8 George Yardley
9%
1948 21.0 Max Zaslofsky
9%
No matching quizzes found
Score Distribution
Percent of People with Each Score
Percentile by Number Answered
Your Score History
You have not taken this quiz